| 000 | 00935cab a2200277 4500 | ||
|---|---|---|---|
| 001 | ABS56444 | ||
| 008 | 090401t1997 xxu||||| |||| 00| 0 eng d | ||
| 035 | _a(Sirsi) u23642 | ||
| 041 | _aeng | ||
| 100 | _aWhelan, J. | ||
| 245 | _aManufacturing sparks better performance | ||
| 260 | _c1997 | ||
| 350 | _a0 | ||
| 490 |
_aEstates Gazette _v(9701) 11 January 1997, 113-115(3) |
||
| 520 | _aAssesses the regional effect of grants on rental growth in the manufacturing industry, concluding that levels of grants and foreign direct investment may be key factors in securing high rental growth. | ||
| 650 | _aFOREIGN DIRECT INVESTMENT | ||
| 650 | _aGRANTS | ||
| 650 | _aINDUSTRIAL MARKET | ||
| 650 | _aINDUSTRIAL RENTS | ||
| 650 | _aMANUFACTURING INDUSTRY | ||
| 650 | _aRENTAL GROWTH | ||
| 690 | _aPROPERTY-COMMERCIAL PROPERTY-COMMERCIAL PROPERTY MARKET | ||
| 700 | _aStoate E.L., | ||
| 942 | _n0 | ||
| 948 | _c04/03/1997 | ||
| 999 |
_c15819 _d15819 |
||